| 000 -ლიდერი |
| ფიქსირებული სიგრძის საკონტროლო ველი |
01199nam a22001817a 4500 |
| 003 - საკონტროლო ნომრის იდენტიფიკატორი |
| საკონტროლო ველი |
Ge_BSU |
| 005 - ბოლო ოპერაციის თარიღი და დრო |
| საკონტროლო ველი |
20260313151015.0 |
| 008 - ფიქსირებული სიგრძის მონაცემთა ელემენტები - ზოგადი ინფორმაცია |
| ფიქსირებული სიგრძის საკონტროლო ველი |
260313s1967 ge ||||| |||| 00| 0 geo d |
| 041 ## - ენის კოდი |
| Language code of text/sound track or separate title |
geo |
| 080 ## - უნივერსალური ათობითი კლასიფიკაციის ინდექსი |
| Universal Decimal Classification number |
908(479.22)(084.12) : 008(479.22) : 338(479.22) რ-72 |
| 245 ## - ცნობა სათაურის შესახებ |
| Title |
როგორ ვიზარდეთ : |
| Remainder of title |
[საქართველოს კულტურა და ეკონომიკა 50 წ. მანძილზე. ფოტო-ალბომი] / |
| Statement of responsibility, etc |
ტექსტი გ. ქველაძის; მხატვ: გ. გორდელაძე; შემდგ: გ. გორდელაძე, გ. ქველაძე; ფოტო-სურათების ავტ: ო. თურქია, ი. დვალი, ა. არუთინოვი და სხვ. |
| 264 ## - წარმოების, გამოცემის, დისტრიბუციის და სხვა ცნობები |
| გამოცემის, წარმოების, დისტრიბუციის... ადგილი |
თბ. : |
| გამოცემის, წარმოების, დისტრიბუციის... სახელწოდება |
საბჭ. საქართველო, |
| გამოცემის, წარმოების, დისტრიბუციის... თარიღი |
1967. |
| 300 ## - ფიზიკური აღწერა |
| Extent |
316 გვ. : |
| Other physical details |
ილ. ; |
| Dimensions |
27 სმ. |
| 653 ## - INDEX TERM--UNCONTROLLED |
| Uncontrolled term |
საქართველოს ფოტოალბომები |
| 653 ## - INDEX TERM--UNCONTROLLED |
| Uncontrolled term |
ქართული კულტურა |
| 653 ## - INDEX TERM--UNCONTROLLED |
| Uncontrolled term |
საქართველოს ეკონომიკა |
| 942 ## - ADDED ENTRY ELEMENTS (KOHA) |
| Source of classification or shelving scheme |
|
| Koha item type |
წიგნი |